Πανεπιστήμιο Πατρών : ερευνητική δραστηριότητα 1990-1997
Αποθηκεύτηκε σε:
| Συγγραφή απο Οργανισμό/Αρχή: | |
|---|---|
| Μορφή: | Βιβλίο |
| Γλώσσα: | Greek |
| Δημοσίευση: |
Πάτρα :
Πανεπιστήμιο Πατρών,
[χ.χ.]
|
| Θέματα: | |
| Ετικέτες: |
Προσθήκη ετικέτας
Δεν υπάρχουν, Καταχωρήστε ετικέτα πρώτοι!
|
MARC
| LEADER | 00000cam a2200000 i 4500 | ||
|---|---|---|---|
| 001 | 1/20007 | ||
| 008 | 010706s gre d | ||
| 035 | |l 10067050 | ||
| 040 | |a GR-MY-UA |b gre |e aacr | ||
| 041 | 0 | |a gre | |
| 082 | 0 | |a 370.78 | |
| 110 | 2 | |a Πανεπιστήμιο Πατρών. | |
| 245 | 1 | 0 | |a Πανεπιστήμιο Πατρών : |b ερευνητική δραστηριότητα 1990-1997 / |c επιμέλεια Κωνσταντίνος Βαγενάς, Νικόλαος Ζούμπος |
| 260 | |a Πάτρα : |b Πανεπιστήμιο Πατρών, |c [χ.χ.] | ||
| 300 | |a 437 σ. | ||
| 500 | |a Πρυτανεία: Σταμάτη Αλαχιώτη | ||
| 650 | 0 | |a Education, Higher |z Greece |z Patra. | |
| 650 | 0 | 0 | |a Research |x Handbooks, manuals, etc. |
| 852 | |a INST |b LESVOS |e 20010706 |h 370.78 ΠΑΝ |p 005100028845 |q 005100028845 |t REF |y 23 | ||
| 901 | |a BIBL1-2001-2 | ||
| 909 | |a Λ |b 088080 | ||
| 970 | |a ΤΖΑΦΕΡΗ |b ΕΥΑΓΓΕΛΙΑ |z 2001/07/07 | ||